000 00662nam a22001937a 4500
005 20260504151808.0
008 260504b |||||||| |||| 00| 0 eng d
020 _a 9781420072099
082 _a617.695
_bDEN
245 _aDental Biomaterials:
_bImaging, Testing and Modelling/
_cInstitute of Materials, Minerals, and Mining.
260 _aUSA:
_bWoodhead Publishing ;
_c 2008.
300 _axv, 512 p. : ill. ; 24 cm.
490 _aWoodhead Publishing Series in Biomaterials
650 _aMedical /Dentistry/ Biomedical Materials Science
700 _aEdited by Richard V. Curtis,
700 _aEdited by Timothy F. Watson
999 _c37163
_d37163